000 00678nam a2200229Ia 4500
008 191130s1996##################000#0#eng##
020 _a9780333637821
040 _aACL
_cACL
082 _a658.155 SCH
100 _aSchmidt, Ruth A
245 _aFinancial aspects of marketing
_cRuth A. Schmidt and Helen Wright
260 _aBasingstoke, Hampshire
_bPalgrave
_c1996
300 _axviii, 299 p. : ill. ; 25 cm
500 _aIncludes index
650 _aBusiness enterprises -- Finance
650 _aFinancial statements
650 _aRatio analysis
700 _aWright, Helen
990 _ae7524292ac10000c774f2b811bbf7802
991 _a124517
999 _c183596
_d183596